| 000 | 00516nam a2200181Ia 4500 | ||
|---|---|---|---|
| 003 | GCL | ||
| 008 | 140319s9999 xx 000 0 eng d | ||
| 040 |
_aGCL / _cGCL |
||
| 082 | 0 | 4 |
_a327.101 _bS P |
| 100 | 1 | _aSPEGELE, ROGER D | |
| 245 | 1 | 0 |
_aPOLITICAL REALISN IN INTERNATIONAL THEORY / _cSPEGELE, ROGER D |
| 260 |
_a[S.N] : _bCAMBRIDGE UNIVERSITY PRESS ، _c1996 |
||
| 300 | _a284 P | ||
| 650 | 0 | 4 | _aINTERNATIONAL RELATIONS |
| 650 | 0 | 4 | _aREALISM |
| 650 | 0 | 4 | _aINTERNATIONAL RELATION PHILOSOPHY |
| 942 |
_2ddc _cBK |
||
| 999 |
_c13537 _d13537 |
||